Piłkarska kariera Alf-Inga Haalanda. - Statystyki

Ogólne statystyki
  • Ten quiz został rozwiązany 42 razy
  • Średni wynik to 2 z 5
Statystyki odpowiedzi
Lata Drużyna % Poprawnych
2000-2003 Manchester City
89%
1997-2000 Leeds
43%
1989-1994 Bryne
19%
1994-1997 Nottingham Forest
14%
2011-2013 Rosseland
5%
Nie znaleziono quizów pasujących do podanych kryteriów
Rozkład punktacji
Procent ludzi z każdym wynikiem
Percentyl według liczby udzielonych odpowiedzi
Twoja historia wyników
Nie rozwiązałeś tego quizu